[Event "VIII Floripa Chess Open 2022 - LIRA - mesa 1 a 205 - HOTEL FAIAL - 206 a 246"]
[Site "Lira Tênis Clube - Florianópolis/SC"]
[Date "2022.01.28"]
[Round "7"]
[Board "217"]
[White "Votri, Enzo"]
[Black "Da Costa, Evelyn Maria Fuck"]
[Result "1-0"]
[WhiteElo "1791"]
[BlackElo "1227"]
[PlyCount "75"]
[EventDate "2022.01.24"]
[EventRounds "10"]
[EventCountry "BRA"]

1. e4 e5 2. f4 Nc6 3. Nf3 d6 4. d4 exd4 5. Nxd4 Bg4 6. Be2 Bxe2 7. Nxe2 Nf6 8.
Nbc3 Be7 9. b3 Qd7 10. Bb2 O-O-O 11. Qd2 Ng4 12. Nd4 Bf6 13. Ncb5 Kb8 14. O-O-O
Nxd4 15. Nxd4 Rhe8 16. Rhe1 Nxh2 17. Qa5 a6 18. e5 Bh4 19. Rh1 Bg3 20. Ne2 Qg4
21. Nxg3 Qxf4+ 22. Kb1 Qxg3 23. exd6 Rxd6 24. Rhe1 Rxd1+ 25. Rxd1 Kc8 26. Qf5+
Kb8 27. Qxf7 Re1 28. Qf8+ Ka7 29. Rxe1 Qxe1+ 30. Bc1 Qc3 31. Bb2 Qe1+ 32. Bc1
Qg3 33. Bf4 Qxg2 34. Qc5+ Ka8 35. Be3 Qf1+ 36. Kb2 Qf6+ 37. Bd4 Qb6 38. Qf8+
 1-0

[Event "VIII Floripa Chess Open 2022 - LIRA - mesa 1 a 205 - HOTEL FAIAL - 206 a 246"]
[Site "Lira Tênis Clube - Florianópolis/SC"]
[Date "2022.01.29"]
[Round "8"]
[Board "1"]
[White "Pichot, Alan"]
[Black "Di Berardino, Diego Rafael"]
[Result "1/2-1/2"]
[WhiteElo "2625"]
[BlackElo "2480"]
[PlyCount "0"]
[EventDate "2022.01.24"]
[EventRounds "10"]
[EventCountry "BRA"]

1. e4 e5 2. Nf3 Nc6 3. Bc4 Nf6 4. d3 Bc5 5. O-O d6 6. c3 h6 7. Nbd2 O-O 8. h3
Bb6 9. b4 a5 10. b5 Ne7 11. Bb3 c6 12. a4 Ng6 13. d4 exd4 14. Nxd4 c5 15. Ne2
Re8 16. Ng3 d5 17. exd5 Nxd5 18. Nde4 Be6 19. c4 Nb4 20. Be3 Nd3 21. Qh5 Qe7 22.
Rad1 Rad8 23. Qe2 Ngf4 24. Qf3 Bc7 25. b6 Bb8 26. Rd2 Bxh3 27. Bxf4 Nxf4 28.
gxh3 Nxh3+ 29. Kg2  1/2-1/2

[Event "VIII Floripa Chess Open 2022 - LIRA - mesa 1 a 205 - HOTEL FAIAL - 206 a 246"]
[Site "Lira Tênis Clube - Florianópolis/SC"]
[Date "2022.01.29"]
[Round "8"]
[Board "2"]
[White "Rodriguez Vila, Andres"]
[Black "Delgado Ramirez, Neuris"]
[Result "1/2-1/2"]
[WhiteElo "2461"]
[BlackElo "2615"]
[PlyCount "0"]
[EventDate "2022.01.24"]
[EventRounds "10"]
[EventCountry "BRA"]

1. e4 c5 2. Nf3 d6 3. d4 cxd4 4. Nxd4 Nf6 5. Nc3 a6 6. Be3 e5 7. Nf3 Be7 8. Bc4
O-O 9. O-O Bg4 10. h3 Bh5 11. g4 Bg6 12. Nh4 b5 13. Bb3 Nbd7 14. Nf5 Nc5 15. Qf3
Nxb3 16. axb3 b4 17. Ne2 d5 18. Rfd1 Bxf5 19. exf5 d4 20. c3 Rc8 21. cxd4 e4 22.
Qg2 Rc2 23. Ng3 Rxb2 24. d5 Rxb3 25. d6 Bxd6 26. g5 Ne8 27. Nxe4 Rxe3 28. fxe3
Qb6 29. Qe2 a5 30. Rd5 Bf4 31. Rdxa5 Bxe3+ 32. Kg2 b3 33. Qb5 Nd6 34. Qxb6 Bxb6
35. Ra6 Nxe4 36. Rxb6 Nxg5 37. Rxb3 Ne4 38. Rba3 g6 39. Kf3 Nf6 40. Kf4 Kg7 41.
Ra8 Nh5+ 42. Kg5 h6+ 43. Kh4 Rxa8 44. Rxa8 Nf6 45. fxg6 Kxg6 46. Kg3 Ne4+ 47.
Kf4 Ng5 48. h4 Ne6+ 49. Kg3 Ng7 50. Ra6+ f6 51. Kg4 h5+ 52. Kf4 Nf5 53. Ra2 Ne7
54. Ke4 Kh6 55. Rf2 Kg6 56. Rf4 Kf7 57. Kd3 Ng6 58. Ra4 f5 59. Ke3 Kf6 60. Ra6+  1/2-1/2

[Event "VIII Floripa Chess Open 2022 - LIRA - mesa 1 a 205 - HOTEL FAIAL - 206 a 246"]
[Site "Lira Tênis Clube - Florianópolis/SC"]
[Date "2022.01.29"]
[Round "8"]
[Board "3"]
[White "Bachmann, Axel"]
[Black "Hungaski, Robert"]
[Result "1/2-1/2"]
[WhiteElo "2594"]
[BlackElo "2537"]
[PlyCount "0"]
[EventDate "2022.01.24"]
[EventRounds "10"]
[EventCountry "BRA"]

1. Nf3 d5 2. g3 Nf6 3. Bg2 e6 4. O-O c5 5. b3 Nc6 6. Bb2 Be7 7. d4 O-O 8. Nbd2
cxd4 9. Nxd4 Qb6 10. e3 Rd8 11. c4 a5 12. a3 Bd7 13. cxd5 exd5 14. Qb1 Bf8 15.
Nxc6 bxc6 16. Bxf6 gxf6 17. Qd1 Be6 18. Qh5 c5 19. Bh3 a4 20. bxa4 Bxh3 21. Qxh3
Rxa4 22. Rfd1 Qe6 23. Qf1 Rda8 24. Qd3 c4 25. Qc2 Rxa3 26. Rxa3 Rxa3 27. Nb1 Ra5
28. Nc3 Bd6 29. e4 dxe4 30. Nxe4 Be7 31. Rd4 Qh3 32. Nd2 Ra1+ 33. Nb1 Qe6 34.
Kg2 Qc6+ 35. Kh3 Qe6+ 36. Kg2 Qc6+ 37. f3 Qb6 38. Rg4+ Kh8 39. Qxc4 h5 40. Qc8+
Bd8 41. Rh4 Qxb1 42. Rxh5+ Kg7 43. Qc4 f5 44. Qd4+ Kg6 45. Rh6+ Kxh6 46. Qh8+
Kg6 47. Qg8+ Kf6 48. Qxd8+ Ke6 49. Qe8+ Kd6 50. Qd8+ Kc5 51. Qc7+ Kd4 52. Qd6+
Kc4 53. Qc6+ Kd3 54. Qd5+ Ke2 55. Qe5+ Kd1 56. Qd4+ Kc1 57. Qf4+ Kb2 58. Qb4+
Kc2 59. Qc4+ Kd2 60. Qd4+ Kc1 61. Qf4+ Kc2 62. Qc4+ Kd2  1/2-1/2

[Event "VIII Floripa Chess Open 2022 - LIRA - mesa 1 a 205 - HOTEL FAIAL - 206 a 246"]
[Site "Lira Tênis Clube - Florianópolis/SC"]
[Date "2022.01.29"]
[Round "8"]
[Board "4"]
[White "Molina, Roberto Junio Brito"]
[Black "Supi, Luis Paulo"]
[Result "1/2-1/2"]
[WhiteElo "2420"]
[BlackElo "2581"]
[PlyCount "0"]
[EventDate "2022.01.24"]
[EventRounds "10"]
[EventCountry "BRA"]

1. d4 Nf6 2. c4 g6 3. Nc3 Bg7 4. e4 d6 5. f3 O-O 6. Be3 c5 7. d5 e6 8. Qd2 exd5
9. cxd5 a6 10. a4 Re8 11. Be2 b6 12. Bg5 Qc7 13. Rc1 h5 14. b3 Nh7 15. Be3 Qe7
16. Bd3 Nd7 17. Nge2 Ne5 18. Bb1 Rb8 19. O-O b5 20. axb5 axb5 21. h3 Ba6 22.
Rfe1 b4 23. Na4 Bxe2 24. Rxe2 g5 25. Rf1 c4 26. Bc2 h4 27. Nb6 c3 28. Qe1 Ng6
29. Qf2 Be5 30. Ra1 Bg3 31. Qf1 Bf4 32. Bd4 Be5 33. Be3 Nf6 34. Nc4 Nh5 35. Ra7
Qf6 36. Nxe5 Qxe5 37. Re1 Ngf4 38. Qf2 Ng3 39. Bxf4 gxf4 40. Bd3 Ra8 41. Rb7
Reb8 42. Rxb8+ Rxb8 43. Kh2 Ra8 44. Bc4 Kg7 45. Rc1 Ra3 46. Re1 Ra5 47. Qb6 Ra2
48. Qxb4 Nf5 49. Rc1 Ne3 50. Qxc3 Rxg2+ 51. Kh1 Kf6 52. Qxe5+ Kxe5 53. b4 Rb2
54. b5 Kd4 55. Bf1 f6 56. Kg1 Ke5 57. Bd3 Kd4 58. Bf1 f5 59. exf5 Kxd5 60. Bd3
Ke5 61. Rc8 Nd5 62. Re8+  1/2-1/2

[Event "VIII Floripa Chess Open 2022 - LIRA - mesa 1 a 205 - HOTEL FAIAL - 206 a 246"]
[Site "Lira Tênis Clube - Florianópolis/SC"]
[Date "2022.01.29"]
[Round "8"]
[Board "5"]
[White "Fier, Alexandr"]
[Black "Filgueiras, Nathan Felipe"]
[Result "1/2-1/2"]
[WhiteElo "2573"]
[BlackElo "2309"]
[PlyCount "0"]
[EventDate "2022.01.24"]
[EventRounds "10"]
[EventCountry "BRA"]

1. e4 c5 2. Nc3 Nc6 3. Nge2 Nf6 4. g3 h5 5. d4 cxd4 6. Nxd4 h4 7. Bg2 e6 8. Be3
h3 9. Bf3 Bb4 10. O-O Ne5 11. Be2 Bxc3 12. bxc3 Nxe4 13. Nb5 d5 14. f4 Nc6 15.
Bd3 a6 16. Nd4 Nxc3 17. Qe1 Ne4 18. Nxc6 bxc6 19. Bxe4 dxe4 20. Rd1 Qc7 21. Bc5
f5 22. Rd4 Kf7 23. Qd2 Kg6 24. Rd6 Rb8 25. a4 Rb2 26. Qc3 Qb7 27. g4 Rb1 28.
gxf5+ Kf7 29. Qc4 Rxf1+ 30. Kxf1 Re8 31. Kf2 Qb2 32. Rxc6 Qc1 33. Be3 Qh1 34.
Qd4 Qxh2+ 35. Ke1 Qh1+ 36. Bg1 h2 37. Rc7+ Re7 38. Rxe7+ Kxe7 39. Qxg7+ Kd8 40.
Qf8+ Kc7 41. Qc5+ Kd8 42. Qf8+ Kc7  1/2-1/2

[Event "VIII Floripa Chess Open 2022 - LIRA - mesa 1 a 205 - HOTEL FAIAL - 206 a 246"]
[Site "Lira Tênis Clube - Florianópolis/SC"]
[Date "2022.01.29"]
[Round "8"]
[Board "6"]
[White "Gazel, Frederico"]
[Black "Mekhitarian, Krikor Sevag"]
[Result "0-1"]
[WhiteElo "2279"]
[BlackElo "2562"]
[PlyCount "0"]
[EventDate "2022.01.24"]
[EventRounds "10"]
[EventCountry "BRA"]

1. d4 d5 2. Nf3 Nf6 3. Bf4 c5 4. e3 Nc6 5. c3 Qb6 6. Qc2 Nh5 7. dxc5 Qxc5 8.
Nbd2 Nxf4 9. exf4 g6 10. Rd1 Bg7 11. Nb3 Qd6 12. g3 O-O 13. Bg2 Qc7 14. Qe2 e6
15. O-O Rb8 16. h4 b5 17. a3 a5 18. Nbd4 b4 19. axb4 Nxd4 20. Nxd4 axb4 21. Rc1
Qb6 22. Qe3 Bd7 23. h5 Rfc8 24. hxg6 hxg6 25. Rfe1 Rc7 26. Rcd1 Rbc8 27. Rd3
bxc3 28. bxc3 Qb2 29. Re2 Qa1+ 30. Re1 Qa5 31. Rc1 Rc4 32. Ne2 Bb5 33. Bf1 Re4
34. Qd2 Bxd3 35. Qxd3 Rec4 36. Rd1 Bxc3 37. Nxc3 Rxc3 38. Qd2 Qc5 39. Kg2 Rc2
40. Qe1 Qc3 41. Qxc3 R8xc3 42. Bd3 Rb2 43. Kf1 Ra3 44. Kg1 Raa2 45. Rf1 Rd2 46.
Bb5 Kf8  0-1

[Event "VIII Floripa Chess Open 2022 - LIRA - mesa 1 a 205 - HOTEL FAIAL - 206 a 246"]
[Site "Lira Tênis Clube - Florianópolis/SC"]
[Date "2022.01.29"]
[Round "8"]
[Board "7"]
[White "Cuenca Jimenez, Jose Fernando"]
[Black "Ferreira, Thales Bond Dias"]
[Result "1-0"]
[WhiteElo "2552"]
[BlackElo "1970"]
[PlyCount "0"]
[EventDate "2022.01.24"]
[EventRounds "10"]
[EventCountry "BRA"]

1. d4 Nf6 2. c4 e6 3. Nc3 Bb4 4. Qc2 c5 5. dxc5 O-O 6. Nf3 Na6 7. g3 Nxc5 8. Bg2
Nce4 9. O-O Nxc3 10. bxc3 Be7 11. e4 d6 12. e5 dxe5 13. Nxe5 Qc7 14. Qe2 Nd7 15.
Bf4 Bd6 16. Nxd7 Bxd7 17. Bxd6 Qxd6 18. Bxb7 Rab8 19. Rab1 Bc6 20. Rfd1 Qc5 21.
Bxc6 Qxc6 22. Rb4 Qc5 23. Qb2 Rbc8 24. Rd4 a6 25. Qd2 h6 26. h4 Rc6 27. Rd8 Rxd8
28. Qxd8+ Qf8 29. Qd7 Qc8 30. Qa7 Rc7 31. Rb8 Rxa7 32. Rxc8+ Kh7 33. Kg2 Rd7 34.
Rc6 Rd3 35. Rxa6 Rxc3 36. Ra4 Kg6 37. Kf1 Kf5 38. Ke2 Rc2+ 39. Ke3 e5 40. h5 g6
41. Ra7 f6 42. g4+ Kg5 43. hxg6 Kxg6 44. Kd3 Rxf2 45. c5 Rf1 46. Ke4 Rc1 47. Kd5
Kg5 48. Rg7+ Kf4 49. Rg6 Rd1+ 50. Kc4 Rc1+ 51. Kd5 Rd1+ 52. Ke6 e4 53. c6 e3 54.
c7 e2 55. c8=Q e1=Q+ 56. Kf7 Qe5 57. Rxf6+ Kg3 58. Rf5 Rd8 59. Qxd8 Qxf5+ 60.
gxf5  1-0

[Event "VIII Floripa Chess Open 2022 - LIRA - mesa 1 a 205 - HOTEL FAIAL - 206 a 246"]
[Site "Lira Tênis Clube - Florianópolis/SC"]
[Date "2022.01.29"]
[Round "8"]
[Board "8"]
[White "Languidey, Simon Alejandro"]
[Black "Cubas, Jose Fernando"]
[Result "0-1"]
[WhiteElo "2403"]
[BlackElo "2469"]
[PlyCount "0"]
[EventDate "2022.01.24"]
[EventRounds "10"]
[EventCountry "BRA"]

1. e4 c5 2. Nc3 Nc6 3. g3 g6 4. Bg2 Bg7 5. d3 d6 6. Nge2 e5 7. O-O Nge7 8. Bg5
f6 9. Be3 O-O 10. f4 Nd4 11. Qd2 Bg4 12. h3 Be6 13. Kh2 Qd7 14. Rae1 Rac8 15. a4
a6 16. a5 Rce8 17. b3 Qc7 18. Na4 Nc8 19. b4 Qc6 20. Nb2 Qb5 21. c4 Qd7 22. Rb1
f5 23. bxc5 dxc5 24. exf5 Bxf5 25. Nc3 exf4 26. Bxf4 Nb3 27. Qc2 Bxc3 28. Bd5+
Be6 29. Bxe6+ Rxe6 30. Nd1 Nd2 31. Nxc3 Nxf1+ 32. Rxf1 g5 33. Nd5 gxf4 34. gxf4
Ne7  0-1

[Event "VIII Floripa Chess Open 2022 - LIRA - mesa 1 a 205 - HOTEL FAIAL - 206 a 246"]
[Site "Lira Tênis Clube - Florianópolis/SC"]
[Date "2022.01.29"]
[Round "8"]
[Board "9"]
[White "Lima, Darcy"]
[Black "Cadilhac, Igor Tokuichi Kikuchi"]
[Result "1/2-1/2"]
[WhiteElo "2507"]
[BlackElo "2283"]
[PlyCount "0"]
[EventDate "2022.01.24"]
[EventRounds "10"]
[EventCountry "BRA"]

1. c4 e6 2. Nf3 d5 3. d4 Nf6 4. g3 dxc4 5. Bg2 a6 6. a4 c5 7. O-O Nc6 8. Na3
cxd4 9. Nxc4 Bc5 10. Bf4 O-O 11. Nfe5 Bd7 12. Qb3 Nd5 13. Qxb7 Nxe5 14. Nxe5 Ra7
15. Qb3 Nxf4 16. gxf4 Qb8 17. Qc4 Rc8 18. Nxd7 Rxd7 19. Qxa6 Ra7 20. Qc4 Bd6 21.
Qxd4 Bxf4 22. h3 Bh2+ 23. Kh1 Be5 24. Qe3 Bxb2 25. Rfb1 Rac7 26. a5 Rc3 27. Qb6
Qxb6 28. axb6 Bxa1 29. b7 Rc1+ 30. Bf1 Be5 31. bxc8=Q+ Rxc8 32. Rb7 g5 33. Kg2
Kg7 34. e3 h5 35. Bb5 Kg6 36. Ba4 h4 37. Bb5 Bc3 38. Bd3+ Kf6 39. Be2 Kg6 40.
Bd3+ Kg7 41. Be2 Rc5 42. Bh5 Rf5 43. Kf1 Bd2 44. Ke2 Bc1 45. Bg4 Rf6 46. Bh5 Ba3
47. Kf1 Bd6 48. Kg2 Rf5 49. Rd7 Bb4 50. Kf1 Kf8 51. Rb7 Be7 52. Rb8+ Kg7 53. Rb7
Kf6 54. Kg2 Ra5 55. e4 e5 56. Rb6+ Kg7 57. Rb7  1/2-1/2

[Event "VIII Floripa Chess Open 2022 - LIRA - mesa 1 a 205 - HOTEL FAIAL - 206 a 246"]
[Site "Lira Tênis Clube - Florianópolis/SC"]
[Date "2022.01.29"]
[Round "8"]
[Board "10"]
[White "Guimaraes, Diogo Duarte"]
[Black "Barbosa, Evandro Amorim"]
[Result "1-0"]
[WhiteElo "2273"]
[BlackElo "2487"]
[PlyCount "0"]
[EventDate "2022.01.24"]
[EventRounds "10"]
[EventCountry "BRA"]

1. e4 c5 2. Nf3 e6 3. d4 cxd4 4. Nxd4 Nc6 5. Nc3 Qc7 6. Be3 a6 7. Qf3 Bd6 8.
O-O-O Be5 9. g3 Nge7 10. Qe2 b5 11. f4 Bxd4 12. Bxd4 Nxd4 13. Rxd4 Rb8 14. Qd2
b4 15. Nd1 O-O 16. Rxb4 Bb7 17. Nc3 d5 18. Bg2 Nc6 19. Ra4 dxe4 20. Bxe4 Rfd8
21. Qe3 Na5 22. Rd1 Rdc8 23. Bxb7 Rxb7 24. Qe5 Qxe5 25. fxe5 Nc6 26. Rc4 Rbc7
27. Na4 g5 28. Rc5 Nb4 29. Rxc7 Rxc7 30. c3 Kg7 31. Rd6 a5 32. Nb6 Kg6 33. a3
Nc6 34. Nd5  1-0